Álgebra de conmutación y circuitos digitales básicos / (Registro nro. 7459)

Detalles MARC
000 -CABECERA
Campo de control interno 01852nam a2200253Ia 4500
008 - ELEMENTOS DE LONGITUD FIJA - INFORMACIÓN GENERAL
Campo de control de longitud fija 260220t1974||||xx |||||||||||||| ||spa||
020 ## - ISBN
ISBN 842050484X
040 ## - FUENTE DE CATALOGACIÓN
Agencia de catalogación original PY-SlUNAC
Idioma de catalogación spa
Convenciones de descripción rda
041 ## - CÓDIGO DE IDIOMA
Código de idioma para texto/pista de sonido o título separado spa
082 ## - NÚMERO DE CLASIFICACIÓN DECIMAL DEWEY
Clasificación Decimal Dewey (CDD) 512
Clasificación Expansiva de Cutter (EC) D993a
100 ## - ASIENTO PRINCIPAL - NOMBRE PERSONAL
Nombre personal Dworatzchek, S.
Rol del autor Autor
245 #0 - TÍTULO
Título Álgebra de conmutación y circuitos digitales básicos /
Mención de responsabilidad por S. Dworatzchek [Autor]
264 ## - PIE DE IMPRENTA
Lugar Madrid :
Editorial Alhambra,
Año ℗1974.
300 ## - DESCRIPCIÓN FÍSICA
Páginas 163 páginas
520 ## - NOTA DE RESUMEN
Nota de resumen El libro "Álgebra de conmutación y circuitos digitales básicos" de S. Dworatzchek, publicado en 1974, ofrece un análisis profundo de los principios fundamentales del álgebra de conmutación, crucial para el diseño y la comprensión de circuitos digitales. A través de una exposición clara y estructurada, el autor explora conceptos esenciales como las variables booleanas, las funciones lógicas y las leyes del álgebra booleana, proporcionando herramientas matemáticas que facilitan la simplificación y el análisis de circuitos. Además, se abordan temas relacionados con la implementación de circuitos combinacionales y secuenciales, destacando la importancia de los diagramas de Karnaugh y las tablas de verdad. El texto también incluye ejemplos prácticos y ejercicios que permiten al lector aplicar los conceptos aprendidos. En conjunto, la obra sirve como un recurso valioso tanto para estudiantes como para profesionales en el ámbito de la ingeniería electrónica y la informática, promoviendo una comprensión sólida de las bases teóricas y prácticas en el campo de los circuitos digitales.
653 ## - MATERIA - TÉRMINO TEMÁTICO NO CONTROLADO (PALABRAS CLAVE)
Materia - término temático no controlado (palabras clave) Circuitos eléctricos
653 ## - MATERIA - TÉRMINO TEMÁTICO NO CONTROLADO (PALABRAS CLAVE)
Materia - término temático no controlado (palabras clave) Matemáticas
653 ## - MATERIA - TÉRMINO TEMÁTICO NO CONTROLADO (PALABRAS CLAVE)
Materia - término temático no controlado (palabras clave) Teoría de sistemas
942 ## - ELEMENTOS PERSONALIZADOS (KOHA)
Fecha catalogación 2026/02/17
Tipo de documento Libros
Existencias
Fuente de Clasificacion Colección Ubicacion permanente Biblioteca actual Fecha de Ingreso a la Biblioteca Origen de adquisición Código de ubicación Código de barras Tipo de Item KOHA Nota pública
Dewey Decimal Classification Colección General (CG) Biblioteca e Internet, Facultad de Ciencias Exactas y Naturales Biblioteca e Internet, Facultad de Ciencias Exactas y Naturales 02/20/2026 Donación 512 D993a CG819 Libros Material disponible en la Biblioteca e Intenet, Campus UNA, San Lorenzo.